Припуски на механическую обработку: справочник

Dettagli Bibliografici
Autore principale: Харламов Г. А. Геннадий Андреевич
Altri autori: Тарапанов А. С. Александр Сергеевич
Riassunto:Приведены нормативные материалы, необходимые технологу-машиностроителю для расчета и выбора припусков на механическую обработку, даны рекомендации по выбору вида заготовок, составлению маршрута обработки, нормы точности, а также операционные припуски на обработку различных поверхностей деталей. Для инженеров-технологов заводов, проектно-конструкторских организаций, а также может быть полезна преподавателям и студентам вузов.
Lingua:russo
Pubblicazione: Москва, Машиностроение, 2013
Edizione:2-е изд., испр.
Soggetti:
Natura: Libro
KOHA link:https://koha.lib.tpu.ru/cgi-bin/koha/opac-detail.pl?biblionumber=234091

MARC

LEADER 00000nam0a2200000 4500
001 234091
005 20231101231308.0
010 |a 9785942756079 
035 |a (RuTPU)RU\TPU\book\255190 
035 |a RU\TPU\book\116605 
090 |a 234091 
100 |a 20070111d2013 km y0rusy50 ca 
101 0 |a rus 
102 |a RU 
105 |a a g 001zy 
200 1 |a Припуски на механическую обработку  |e справочник  |f Г. А. Харламов, А. С. Тарапанов 
205 |a 2-е изд., испр. 
210 |a Москва  |c Машиностроение  |d 2013 
215 |a 255 с.  |c ил. 
320 |a Библиогр.: с. 255. 
330 |a Приведены нормативные материалы, необходимые технологу-машиностроителю для расчета и выбора припусков на механическую обработку, даны рекомендации по выбору вида заготовок, составлению маршрута обработки, нормы точности, а также операционные припуски на обработку различных поверхностей деталей. Для инженеров-технологов заводов, проектно-конструкторских организаций, а также может быть полезна преподавателям и студентам вузов. 
606 1 |a Припуски  |x Расчет  |2 stltpush  |3 (RuTPU)RU\TPU\subj\51697  |9 70267 
610 1 |a механическая обработка 
610 1 |a технологические процессы 
610 1 |a нормативные материалы 
610 1 |a отливки 
610 1 |a поковки 
610 1 |a заготовки 
610 1 |a прокат 
610 1 |a сортимент 
610 1 |a размеры 
610 1 |a предельные отклонения 
610 1 |a операционные припуски 
610 1 |a детали 
610 1 |a поверхности 
610 1 |a справочники 
675 |a 621.753.1(035)  |v 3 
700 1 |a Харламов  |b Г. А.  |g Геннадий Андреевич 
701 1 |a Тарапанов  |b А. С.  |g Александр Сергеевич 
801 1 |a RU  |b 63413507  |c 20130318 
801 2 |a RU  |b 63413507  |c 20150617  |g RCR 
900 |a Технологические процессы машиностроительного производства 
942 |c BK 
959 |a 21/20130206  |d 5  |e 800,00  |f ЧЗТЛ:1  |f АНЛ:1  |f УФ:3